Biochemistry (Lippincott's Illustrated Reviews) (Record no. 33464)

MARC details
000 -LEADER
fixed length control field 00498nam a22001937a 4500
005 - DATE AND TIME OF LATEST TRANSACTION
control field 20230920114127.0
008 - FIXED-LENGTH DATA ELEMENTS--GENERAL INFORMATION
fixed length control field 230907b |||||||| |||| 00| 0 eng d
020 ## - INTERNATIONAL STANDARD BOOK NUMBER
ISBN 9780781769600
082 ## - DEWEY DECIMAL CLASSIFICATION NUMBER
Classification number 612.39
Item number CHA-B
100 ## - MAIN ENTRY--AUTHOR
Author Name Champe;Pamela.C
245 ## - TITLE STATEMENT
Title Biochemistry (Lippincott's Illustrated Reviews)
250 ## - EDITION STATEMENT
Edition statement 4th.ed
260 ## - PUBLICATION, DISTRIBUTION, ETC.
Place of Publication India
Name of publisher, distributor, etc. Wolters Kluwer
Date of publication, distribution, etc. 2008
300 ## - PHYSICAL DESCRIPTION
Pages 520
500 ## - GENERAL NOTE
General note Include index
650 ## - SUBJECT ADDED ENTRY--TOPICAL TERM
Subject / Department Medical/Biochemistry
700 ## - ADDED ENTRY--PERSONAL NAME
Personal name Pamela C.Champe
952 ## - LOCATION AND ITEM INFORMATION (KOHA)
-- 0
-- 0
952 ## - LOCATION AND ITEM INFORMATION (KOHA)
-- 0
-- 0
952 ## - LOCATION AND ITEM INFORMATION (KOHA)
-- 0
-- 0
952 ## - LOCATION AND ITEM INFORMATION (KOHA)
-- 0
-- 0
Holdings
Lost status Damaged status Collection code Permanent Location Current Location Shelving Location Date acquired Full Call Number Accession No./Barcode Date last seen Copy number item type Koha item type
    Medical Superior Information Resource Center (SIRC) Superior University- Central Library Superior Information Resource Center (SIRC) Superior University- Central Library Biochemistry 03/07/2024 612.39 CHA-B 2008 4229 03/07/2024 1 BOOK BOOK
    Medical Superior Information Resource Center (SIRC) Superior University- Central Library Superior Information Resource Center (SIRC) Superior University- Central Library Biochemistry 03/07/2024 612.39 CHA-B 2008 20358 03/07/2024 2 BOOK BOOK
    Medical Superior Information Resource Center (SIRC) Superior University- Central Library Superior Information Resource Center (SIRC) Superior University- Central Library Biochemistry 03/07/2024 612.39 CHA-B 2008 20380 10/21/2024 3 BOOK BOOK
    Medical Superior Information Resource Center (SIRC) Superior University- Central Library Superior Information Resource Center (SIRC) Superior University- Central Library Biochemistry 03/07/2024 612.39 CHA-B 2008 2141 03/07/2024 4 BOOK BOOK

Powered by Koha